00458pab a2200145 454500008003600000100001600036245003700052362002900089650003800118650003800156773001500194909001000209999001700219952007600236180718b xxu||||| |||| 00| 0 eng d aShu Xiangdi aForeign policy objectives marked a31(43) 4 Sep 93, p.25-26 a India -- Foreign Policy -- China aIndia -- Foreign Policy -- Russia aMainstream a24944 c24944d24944 00104070aIIPAbIIPAd2018-07-19pAR25016r2018-07-19w2018-07-19yAR